000
00284 a2200097 4500
000
nam a22 7a 4500
020
_a
9780300254747
100
_a
Dodgson, Mark
245
_a
The playful entrepreneur : how to adapt and thrive in uncertain times
260
_b
Yale University Press,
_c
2021.
999
_c
85509
_d
85509